000 00851nam a2200217 a 4500
001 000043927
005 20201002045040.0
008 140509s1993 sp 000 0 spa d
020 _a8472324095
040 _aDO-SdBNP
_bspa
_cBNPHU
082 _aR327.203
_bM385d
100 1 _aMartínez Lage, Santiago
_d1946-
_971850
245 1 0 _aDiccionario diplomático Iberoamericano /
_cSantiago Martínez Lage, Amador Martínez Morcillo.
260 _aMadrid :
_bInstituto de Cooperación Iberoamericana,
_c1993.
300 _a249 p. ;
_c22 cm.
500 _aIncluye datos biográficos del autor en al solapa de la cubierta
650 4 _aDiplomacia
_vDICCIONARIOS
_918194
650 4 _aRelaciones internacionales
_vDICCIONARIOS
_971851
650 4 _aAmérica latinana
_xRelaciones exteriores
_vTERMINOLOGÍA
_971852
700 1 _aMartínez Morcillo, Amador
_971853
999 _c43416
_d43416